Justice for some : (Record no. 760893)
[ view plain ]
| 000 -LEADER | |
|---|---|
| fixed length control field | 00783cam a2200193 i 4500 |
| 020 ## - INTERNATIONAL STANDARD BOOK NUMBER | |
| ISBN | 9781503613577 |
| 082 00 - DEWEY DECIMAL CLASSIFICATION NUMBER | |
| Classification number | 956.04 ERA/J |
| Edition number | 23 |
| 100 1# - MAIN ENTRY--AUTHOR NAME | |
| Personal name | Erakat, Noura, |
| Relator term | author. |
| 245 10 - TITLE STATEMENT | |
| Title | Justice for some : |
| Sub Title | law and the question of Palestine / |
| Statement of responsibility, etc | by Noura Erakat. |
| 260 ## - PUBLICATION, DISTRIBUTION, ETC. (IMPRINT) | |
| Place of publication | . - Stanford |
| Name of publisher | : Stanford University Press |
| Year of publication | , 2019 |
| 300 ## - PHYSICAL DESCRIPTION | |
| Number of Pages | xiii, 331 pages : |
| Other physical details | illustrations, maps ; |
| 504 ## - BIBLIOGRAPHY, ETC. NOTE | |
| Bibliography, etc | Includes bibliographical references (pages 247-312) and index. |
| 505 0# - FORMATTED CONTENTS NOTE | |
| Formatted contents note | Colonial erasures -- Permanent occupation -- Pragmatic revolutionaries -- The Oslo peace process -- From occupation to warfare. |
| 650 #0 - SUBJECT ADDED ENTRY--TOPICAL TERM | |
| Topical Term | Palestinian Arabs |
| 650 #0 - SUBJECT ADDED ENTRY--TOPICAL TERM | |
| Topical Term | Israel-Arab War, 1967 |
| 650 #0 - SUBJECT ADDED ENTRY--TOPICAL TERM | |
| Topical Term | Arab-Israeli conflict |
| 942 ## - ADDED ENTRY ELEMENTS (KOHA) | |
| Source of classification or shelving scheme | Dewey Decimal Classification |
| Koha item type | Book |
| Withdrawn status | Lost status | Source of classification or shelving scheme | Damaged status | Not for loan | Home Library | Current Location | Shelving location | Date acquired | Full call number | Accession Number | Price effective from | Koha item type |
|---|---|---|---|---|---|---|---|---|---|---|---|---|
| Dewey Decimal Classification | Dept. of Political Science | Dept. of Political Science | General Stacks | 08/01/2026 | 956.04 ERA/J | POL23868 | 22/06/2026 | Book |
